Normal view
MARC view
- NEWMAN,PETER
Entry Personal Name
001 - CONTROL NUMBER
- control field: 89069
003 - CONTROL NUMBER IDENTIFIER
- control field: NUST
005 - DATE AND TIME OF LATEST TRANSACTION
- control field: 20220216120629.0
008 - FIXED-LENGTH DATA ELEMENTS
- fixed length control field: 220216|| aca||aabn | a|a d
040 ## - CATALOGING SOURCE
- Original cataloging agency: NUST
- Transcribing agency: NUST
100 ## - HEADING--PERSONAL NAME
- Personal name: NEWMAN,PETER
670 ## - SOURCE DATA FOUND
- Source citation: Work cat.: (NUST): NEWMAN,PETER., RESILIENT CITIES /, 1988.
